000 00536nam a22002177a 4500
001 00028685
005 20260401094439.0
008 260401b ag ||||| |||| 00| 0 spa d
020 _a8408010603
040 _aAR-CcCEOS
_bspa
_cAR-CcCEOS
041 _aspa
080 _a875-2
090 _bEUR
100 0 _aEuripides.
_91000
245 _aTragedias troyanas /
_cEurípides
250 _a1ª ed.
264 _aEspaña :
_bPlaneta,
_cc1993.
300 _a702 p. ;
_c19x12 cm.
650 0 _afilosofía
_9153
942 _2udc
_cBK
_n0
999 _c28718
_d28718